Political Party by logo - Statistics

General Stats
  • This quiz has been taken 49 times
  • The average score is 6 of 12
Answer Stats
Picture Answer % Correct
Republican Party
93%
Democratic Party
81%
Labour Party
65%
New Democratic Party
65%
Kuomintang
56%
Australian Labor Party
51%
Indian National Congress
44%
Japanese Communist Party
42%
Social Democratic Party of Germany
28%
Scottish National Party
26%
Bloc Québécois
23%
Swiss Party of Labour
2%
No matching quizzes found
Score Distribution
Percent of People with Each Score
Percentile by Number Answered
Your Score History
You have not taken this quiz